El zorro de los mares, la verdadera vida de Blas de Lezo / (Record no. 194321)

MARC details
000 -LEADER
campo de control de longitud fija 02484nam a2200421 i 4500
001 - NÚMERO DE CONTROL
campo de control 194321
003 - IDENTIFICADOR DE NÚMERO DE CONTROL
campo de control ES-MaACL
005 - FECHA Y HORA DE LA ÚLTIMA TRANSACCIÓN
campo de control 20250708194130.0
007 - CAMPO FIJO DE DESCRIPCIÓN FÍSICA--INFORMACIÓN GENERAL
campo de control de longitud fija ta
008 - DATOS DE LONGITUD FIJA--INFORMACIÓN GENERAL
campo de control de longitud fija 240424s2023 sp ||||| |||| 00| 0 spa d
020 ## - NÚMERO INTERNACIONAL ESTÁNDAR DEL LIBRO
Número Internacional Estándar del Libro 9786287588837
040 ## - FUENTE DE CATALOGACIÓN
Lengua de catalogación spa
Centro/agencia transcriptor ES-MaACL
100 ## - ENTRADA PRINCIPAL--NOMBRE DE PERSONA
Nombre de persona Covo, Adelina
9 (RLIN) 235993
245 ## - MENCIÓN DEL TÍTULO
Título El zorro de los mares, la verdadera vida de Blas de Lezo /
Mención de responsabilidad, etc. Adelina Covo.
250 ## - MENCION DE EDICION
Mención de edición Segunda edición : octubre 2023
264 #1 - PRODUCCIÓN, PUBLICACIÓN, DISTRIBUCIÓN, FABRICACIÓN Y COPYRIGHT
Producción, publicación, distribución, fabricación y copyright Bogotá :
Nombre del de productor, editor, distribuidor, fabricante Ediciones del Bronce,
Fecha de producción, publicación, distribución, fabricación o copyright 2023
300 ## - DESCRIPCIÓN FÍSICA
Extensión 514 paginas ;
Dimensiones 23 cm
336 ## - TIPO DE CONTENIDO
Fuente rdacontent
Término de tipo de contenido texto
337 ## - TIPO DE MEDIO
Fuente rdamedia
Nombre/término del tipo de medio sin mediación
338 ## - TIPO DE SOPORTE
Fuente rdacarrier
Nombre/término del tipo de soporte volumen
490 1# - MENCIÓN DE SERIE
Mención de serie Historias de Adelina
520 ## - RESUMEN, ETC.
Sumario, etc. Don Blas de Lezo es el único marino de su tiempo que no perdió una sola batalla, aunque en ello dejó medio cuerpo. Participó y dirigió la Armada española en las batallas de Vélez-Málaga, Tolón y en el asedio a Barcelona. Su trayectoria épica se agigantó al erradicar la piratería del mar del Sur, al proteger el Mediterráneo, al recuperar caudales para su rey en Italia, al asegurar la célebre Conquista de Óran y al garantizar, con su victoria en Cartagena de Indias, la supremacía del Imperio en los mares durante sesenta y cinco años más, hasta trafalgar , en 1805. Don Blans de Lezo, como nos lo retrata con pinceladas certeras y Adelina Covo, fue el terrror tanto de la marina inglesa como de los corsarios y piratas que azotaban el mar Cétilco y, muy pronto, las hazañas del "Zorro de los Mares" fueron comidilla en las tabernas portuarias del viejo continente.
600 17 - PUNTO DE ACCESO ADICIONAL DE MATERIA--NOMBRE DE PERSONA
9 (RLIN) 128931
Nombre de persona Lezo, Blas de,
Fechas asociadas al nombre 1687-1741
Subdivisión general Novela
600 17 - PUNTO DE ACCESO ADICIONAL DE MATERIA--NOMBRE DE PERSONA
9 (RLIN) 128931
Nombre de persona Lezo, Blas de,
Fechas asociadas al nombre 1687-1741
Subdivisión general Biografias
650 #7 - PUNTO DE ACCESO ADICIONAL DE MATERIA--TÉRMINO DE MATERIA
Término de materia o nombre geográfico como elemento de entrada Marinos-
Subdivisión geográfica España
Subdivisión cronológica s. XVIII
9 (RLIN) 235994
650 #4 - PUNTO DE ACCESO ADICIONAL DE MATERIA--TÉRMINO DE MATERIA
9 (RLIN) 15045
Término de materia o nombre geográfico como elemento de entrada Militares-
Subdivisión geográfica España-
Subdivisión cronológica S.XVIII
650 #7 - PUNTO DE ACCESO ADICIONAL DE MATERIA--TÉRMINO DE MATERIA
9 (RLIN) 135674
Término de materia o nombre geográfico como elemento de entrada Batallas navales
655 #7 - TERMINO DE INDIZACIÓN--GENERO/FORMA
Fuente del término tgfbne
Datos o término principal de género/forma Novelas históricas
9 (RLIN) 226782
655 #7 - TERMINO DE INDIZACIÓN--GENERO/FORMA
Fuente del término tgfbne
9 (RLIN) 234409
Datos o término principal de género/forma Novelas biográficas
830 ## - PUNTO DE ACCESO ADICIONAL DE SERIE-TÍTULO UNIFORME
Título uniforme Historias de Adelina
9 (RLIN) 235995
852 ## - LOCALIZACIÓN
Ubicación ES-MaACL
Sublocalización o colección R.155087
Ubicación en estantería Depósito J
Número de control de estantería N-9865
Donativo/Legado Donación: Adelina Covo
itemnumber 201923
Anotaciones manuscritas Dedicatoria autógrafa de la autora
Encuadernación Encuadernación rústica con solapas
903 ## - NOMBRE PERSONAL DE DONANTE
9 235993
a Covo, Adelina
e Donante
942 ## - ELEMENTOS DE ENTRADA SECUNDARIOS (KOHA)
Suprimir en OPAC No
Tipo de ítem Koha Libro impreso
Holdings
Estatus retirado Estado de pérdida Fuente del sistema de clasificación o colocación Estado de daño No para préstamo Colección Biblioteca de origen Biblioteca actual Ubicación en estantería Fecha de adquisición Fuente de adquisición Total de préstamos Signatura topográfica completa Código de barras Visto por última vez Precio de reemplazo Tipo de ítem Koha Nota pública
    Clasificación decimal universal     Libros con dedicatorias Biblioteca del Ateneo de Madrid Biblioteca del Ateneo de Madrid Depósito J 24/04/2024 Donación   N-9865 101227169 24/04/2024 24/04/2024 Libro impreso Dedicatoria autógrafa de la autora